00329nam a2200121Ia 4500008004100000041000800041082001200049100002000061245004400081260004700125300002400172365001100196240624s9999 xx 000 0 und d aeng a823 RUT aRUTHERFORD ALEX aEMPIRE OF THE MOGHUL THE TAINTED THRONE c2012aNew DelhibHeadline Publishing Group a438 : p. : cm. ; 24 cRSb25